| 000 | 00528nam a2200205 a 4500 | ||
|---|---|---|---|
| 001 | 34339 | ||
| 005 | 20180714002445.0 | ||
| 008 | 140415s1970 sp 000 0 spa d | ||
| 041 | _aspa | ||
| 082 |
_a800 _bBIB |
||
| 100 | 1 | _aDICKENS, CHARLES | |
| 245 | 1 | 0 | _aCUENTO DE NAVIDAD |
| 250 | _a1a ed. | ||
| 260 |
_aESPAÑA : _bSALVAT, _c1970 |
||
| 300 | _a186 | ||
| 490 |
_aBIBLIOTECA BASICA SALVAT _v43 |
||
| 650 | 1 | 4 | _aNOVELA INGLESA |
| 700 | 1 |
_aMILLAS RAURELL, J. _etr. |
|
| 700 | 1 |
_aDELIBES, MIGUEL _epról. |
|
| 999 |
_c34339 _d34339 |
||